Schalke Legends - Statistiken

Allgemein
  • Dieses Quiz wurde 328 mal gespielt
  • Das Durchschnittsergebnis liegt bei 14 aus 16
Antwortstatistiken
Bildquiz Antwort % Korrekt
Julian Draxler
98%
Leroy Sane
98%
Raul
98%
Benedikt Höwedes
93%
Klaas-Jan Huntelaar
93%
Simon Terodde
93%
Joel Matip
92%
Naldo
91%
Breel Embolo
90%
Jefferson Farfan
82%
Henning Matriciani
76%
Daniel Caligiuri
73%
Marcin Kaminski
73%
Hamit Altintop
70%
Franco Di Santo
69%
Ivan Rakitic
68%
Keine übereinstimmenden Quizze gefunden
Verteilung der Resultate
Anzahl Personen mit jedem Resultat
Perzentil nach korrekt beantworteten Fragen
Ihre Resultats-Entwicklung
Sie haben dieses Quiz noch nicht gespielt